Zufällige Flaggen Quiz - Statistiken

Allgemein
  • Dieses Quiz wurde 16.111 mal gespielt
  • Das Durchschnittsergebnis liegt bei 13 aus 20
Antwortstatistiken
Bildquiz Hint Antwort % Korrekt
internationale Organisation Europäische Union
99%
Ereignis die Olympischen Spiele
94%
Region eines Landes Schottland
88%
Region eines Landes England
86%
Land - Variante Deutschland
84%
soziale Bewegung LGBT
84%
internationale Organisation Vereinte Nationen
83%
früheres Land Sowjetunion
80%
Land - alte Flagge Vereinigte Staaten
80%
internationale Organisation NATO
77%
internationale Organisation Rotes Kreuz
73%
Land - ehem. Marineflagge Japan
58%
Region eines Landes Hongkong
54%
politisches Amt Präsident der USA
50%
früheres Land Texas
44%
Region eines Landes Kalifornien
41%
Territorium Puerto Rico
41%
Land - alte Flagge Frankreich
40%
Religion Buddhismus
26%
Region eines Landes New Mexico
11%
Keine übereinstimmenden Quizze gefunden
Verteilung der Resultate
Anzahl Personen mit jedem Resultat
Perzentil nach korrekt beantworteten Fragen
Ihre Resultats-Entwicklung
Sie haben dieses Quiz noch nicht gespielt